000 03414cam a2200505Ii 4500
999 _c79702
_d316979
001 1237455885
003 OCoLC
005 20220314110158.0
006 m o d
007 cr nn||||mamaa
008 201221s2021 sz a ob 001 0 eng d
020 _a9783030391935
_q(electronic bk.)
020 _a3030391930
_q(electronic bk.)
020 _z9783030391928
024 7 _a10.1007/978-3-030-39193-5
_2doi
035 _a(OCoLC)1237455885
_z(OCoLC)1228045376
040 _aSFB
_beng
_erda
_cSFB
_dOCLCO
_dEBLCP
_dGW5XE
_dOCLCO
_dOCLCF
_dUKAHL
050 4 _aRD96.4
_b.B87 2021
072 7 _aMNP
_2bicssc
072 7 _aMED085030
_2bisacsh
072 7 _aMNP
_2thema
072 7 _aRC
_2lcco
072 7 _aRD
_2lcco
082 0 4 _a617.1106
_223
_bBCB
245 0 0 _aBurn care and treatment :
_ba practical guide /
_cMarc G. Jeschke, Lars-Peter Kamolz, Shahriar Shahrokhi, editors
250 _aSecond edition
264 1 _aCham :
_bSpringer,
_c[2021]
300 _a1 online resource (vi, 219 pages) :
_billustrations (chiefly color)
504 _aIncludes bibliographical references and index
505 0 _aInitial Assessment, Resus, Wound, early care -- Pathophysiology -- Wound healing and Wound care -- Infection in Burns -- Acute Burn Surgery -- Critical Care -- Metabolism and Nutrition -- Nursing Management -- Rehabilitaiton and Therapy -- Mental Health -- Pain and Agitation Management -- Electrical Injury, Chemical Burns, and Cold Injury "Frostbite" -- Long-term sequelae of burn injury -- Burn Reconstruction Techniques -- Long-term outcomes, QoL
506 _aAvailable to OhioLINK libraries
520 _aThe second edition of this practical guide offers a comprehensive summary of the most important and most immediate therapeutic approaches in the assessment and treatment of burn injuries. Taking into account age-specific needs in pediatric, adult, and elderly burn patients, several chapters on key issues - such as pre-hospital treatment, wound care and infection control, burn nursing, critical care, burn reconstructive surgery and rehabilitation for burn victims - have now been updated. In addition, the book has been supplemented with the latest information on fluid resuscitation, organ support for burn patients, necrotizing soft tissue infections, and TEN/SJS. Written in a concise manner, the updated edition of this book provides essential guidelines for optimal care to improve patient outcomes, and thus will be a valuable reference resource for physicians, surgeons, residents, nurses, and other burn care providers
650 0 _aBurns and scalds
_xTreatment.
_974525
650 0 _aSurgery, Plastic.
_915860
655 4 _aElectronic books
_989386
700 1 _aJeschke, Marc G.,
_eeditor
_989387
700 1 _aKamolz, Lars-Peter,
_eeditor
_964519
700 1 _aShahrokhi, Shahriar,
_eeditor
_989388
710 2 _aOhio Library and Information Network.
_989389
776 0 8 _iPrint version:
_tBurn care and treatment.
_bSecond edition.
_dCham : Springer, [2021]
_z9783030391928
_w(OCoLC)1237549346
856 4 0 _3OhioLINK
_zConnect to resource
_uhttps://rave.ohiolink.edu/ebooks/ebc2/9783030391935
856 4 0 _3SpringerLink
_zConnect to resource
_uhttp://link.springer.com/10.1007/978-3-030-39193-5
856 4 0 _3SpringerLink
_zConnect to resource (off-campus)
_uhttp://proxy.ohiolink.edu:9099/login?url=http://link.springer.com/10.1007/978-3-030-39193-5
942 _2ddc
_cBOOK